[Event "ICS rated blitz match"]
[Site "207.99.83.227"]
[Date "1999.05.15"]
[Round "?"]
[White "MarkOrr"]
[Black "Hossa"]
[Result "1-0"]
[WhiteElo "2187"]
[BlackElo "2553"]
[Annotator "Crafty v16.6"]
[PlyCount "123"]

{annotating for player ossa using a scoring margin of +0.20 pawns. search time
limit is 1:00} 1. d4 1... Nf6 2. Bg5 c5 3. Bxf6 exf6 4. d5 Qb6 5. Qc1 f5 ({
11:+0.22} 5... f5 6. Qe3+ Be7 7. Nc3 f4 8. Qd2 O-O 9. O-O-O Qb4 10. Nf3 Bf6 11.
d6 Bxc3 12. Qxc3 Qxc3 13. bxc3 $10) ({11:+0.49} 5... Be7 6. Nf3 O-O 7. e3 f5 8.
Nc3 Bf6 9. Bd3 Qd6 10. Bc4 10... Na6 $15) 6. c4 Be7 7. Nc3 O-O 8. e3 Qg6 9.
Nge2 Qg5 10. Nf4 Bd6 11. h4 Qf6 12. g3 Bxf4 13. gxf4 d6 14. Bd3 Qg6 15. Qc2 Na6
16. a3 Qg4 17. Ne2 Qf3 18. Ng3 b5 ({10:-0.33} 18... b5 19. cxb5 Nc7 20. Rg1
Nxd5 21. Bxf5 Nf6 22. Be4 Nxe4 23. Qxe4 Bb7 24. Qxf3 24... Bxf3 $14) ({10:-0.08
} 18... Re8 19. Qe2 Qxe2+ 20. Bxe2 Bd7 21. Rg1 Kh8 22. Bd3 g6 23. O-O-O Ba4 24.
Rd2 $10) 19. Be2 Qg2 20. Bf1 Qf3 21. Rg1 Qg4 22. cxb5 Nc7 23. Bc4 Qxh4 24.
O-O-O Rb8 25. Nxf5 Bxf5 26. Qxf5 Qxf2 27. Qh3 Rbe8 28. Rg3 Rxe3 29. Rxe3 Qxf4
30. b3 Re8 31. Rde1 h5 32. Kc2 Rxe3 33. Qxe3 Qxe3 34. Rxe3 Kf8 35. a4 g5 36. a5
Na8 37. Be2 Nc7 38. Bc4 Na8 39. Kd3 g4 40. Ke4 Nc7 41. Kf5 Na8 42. Kg5 g3 43.
Rxg3 h4 44. Kxh4 f6 45. Kh5 f5 46. Kg5 f4 47. Kxf4 Kf7 48. Kf5 Kf8 49. Rg6 Kf7
50. Rxd6 Ke7 51. Ra6 Kd8 52. Rxa7 Nc7 53. d6 Ne8 54. Ke6 Ng7+ 55. Kd5 Nf5 56.
Kxc5 Kc8 57. Be6+ Kb8 58. Rh7 Nxd6 59. Kxd6 Ka8 60. Kc6 Kb8 61. Kb6 Ka8 62.
Rh8# 1-0

[Event "ICS rated blitz match"]
[Site "207.99.83.227"]
[Date "1999.05.15"]
[Round "?"]
[White "Hossa"]
[Black "OVI68"]
[Result "1-0"]
[WhiteElo "2524"]
[BlackElo "2307"]
[PlyCount "61"]

1. e4 c5 2. Nc3 Nc6 3. Nf3 e6 4. Bb5 Nge7 5. d4 cxd4 6. Nxd4 Nxd4 7. Qxd4 Nc6
8. Bxc6 bxc6 9. O-O Qb6 10. Qxb6 axb6 11. Be3 b5 12. a4 bxa4 13. Nxa4 Be7 14.
Nb6 Rb8 15. Ra7 c5 16. Nxc8 Rxc8 17. e5 f6 18. Rd1 Rd8 19. Rc7 fxe5 20. Bxc5
Bxc5 21. Rxc5 d6 22. Rc7 O-O 23. Rc6 d5 24. Rxe6 Rc8 25. Rd2 e4 26. Re5 Rfd8
27. h4 Rc4 28. c3 e3 29. fxe3 Rxh4 30. Rexd5 Rxd5 31. Rxd5 {OVI68 resigns} 1-0

[Event "ICS rated blitz match"]
[Site "207.99.83.227"]
[Date "1999.05.15"]
[Round "?"]
[White "Tim"]
[Black "Hossa"]
[Result "0-1"]
[WhiteElo "2543"]
[BlackElo "2531"]
[PlyCount "40"]

1. d4 Nf6 2. f3 e6 3. e4 Be7 4. e5 Nd5 5. c3 f6 6. f4 fxe5 7. fxe5 O-O 8. Nf3
c5 9. Be2 cxd4 10. cxd4 Bb4+ 11. Bd2 Ne3 12. Qb3 Nxg2+ 13. Kd1 Bxd2 14. Nbxd2
Qb6 15. Qxb6 Ne3+ 16. Kc1 axb6 17. Rg1 Nc6 18. Ne4 Ra4 19. Kd2 Nf5 20. Nc3
20... Rb4 {Tim resigns} 0-1

[Event "ICS rated blitz match"]
[Site "207.99.83.227"]
[Date "1999.05.15"]
[Round "?"]
[White "Hossa"]
[Black "attakinski"]
[Result "0-1"]
[WhiteElo "2548"]
[BlackElo "2769"]
[Annotator "Crafty v16.6"]
[PlyCount "101"]

{annotating for player ossa using a scoring margin of +0.20 pawns. search time
limit is 1:00} 1. e4 1... c6 2. d4 d5 3. e5 Bf5 4. Nf3 e6 5. Be2 ({10:+0.03} 5.
Be2 5... Bb4+ 6. c3 Ba5 7. Qb3 Bb6 8. a4 Nd7 9. a5 Bxa5 10. Qxb7 $10) ({
10:+0.31} 5. Bd3 5... Bg4 6. O-O Nh6 7. Nbd2 Nf5 8. Nb3 Nd7 9. Bf4 9... Bb4 $14
) 5... c5 6. O-O Nc6 7. Nc3 a6 8. Be3 cxd4 9. Nxd4 Nge7 10. g4 ({9:-0.35} 10.
g4 10... Bg6 11. f4 Nxd4 12. Bxd4 Nc6 13. Rc1 Qh4 14. Bb6 14... Qh3 $15) ({
9:+0.06} 10. Bg5 10... Qb6 11. Nxf5 Nxf5 12. Bg4 Qxb2 13. Nxd5 Qxe5 14. Re1 Ne3
15. Bxe3 Qxd5 16. Qxd5 16... exd5 $10) 10... Bg6 11. f4 Nxd4 12. Bxd4 h6 13.
Rc1 ({10:-0.32} 13. Rc1 13... Nc6 14. Kh1 Qc7 15. f5 Bh7 16. Na4 exf5 17. Nb6
17... Rd8 $15) ({10:-0.06} 13. Qd2 13... Nc6 14. f5 Bh7 15. fxe6 fxe6 16. Qf4
Qe7 17. Bd3 g5 18. Qe3 Nxd4 19. Qxd4 $10) 13... Nc6 14. Bf2 d4 15. Nb1 Bc5 16.
Bf3 ({10:-0.62} 16. Bf3 16... Qb6 17. c3 d3 18. Nd2 Bxf2+ 19. Rxf2 O-O 20. Ne4
Rad8 21. Qd2 21... Qc7 $15) ({10:-0.14} 16. Nd2 16... O-O 17. Nb3 Ba7 18. Bf3
d3 19. Bxc6 bxc6 20. Bxa7 Rxa7 21. cxd3 Bxd3 22. Re1 $10) 16... Qb6 17. c3 dxc3
18. Nxc3 ({9:-0.36} 18. Nxc3 18... Rd8 19. Qb3 Bxf2+ 20. Rxf2 Qxb3 21. Bxc6+
bxc6 22. axb3 Ke7 23. Kg2 h5 24. f5 exf5 25. gxf5 $15) ({9:+0.04} 18. Bxc6+
18... bxc6 19. Nxc3 Rd8 20. Qf3 Rd3 21. Qg2 Bxf2+ 22. Rxf2 O-O 23. Na4 Qe3 24.
Rxc6 $10) 18... Rd8 19. Qe1 ({10:-0.76} 19. Qe1 19... Nd4 20. Be4 Qxb2 21. f5
exf5 22. gxf5 Bxf5 23. Rb1 Qa3 24. Bxf5 Nxf5 25. Rxb7 $17) ({10:-0.36} 19. Qb3
19... Qxb3 20. axb3 Bxf2+ 21. Rxf2 Nb4 22. Be2 Nd3 23. Bxd3 Rxd3 24. Na4 Ke7
25. Nc5 Re3 26. Nxb7 26... Rxb3 $15) 19... Nd4 20. Bg2 Qxb2 21. Kh1 Bb4 22.
Bxd4 Rxd4 23. Rf2 Qa3 24. f5 Bh7 25. fxe6 fxe6 26. Bxb7 Rc4 27. Rf3 Rf8 28.
Rxf8+ Bxf8 29. Ne2 Qxa2 30. Rxc4 Qxc4 31. Bf3 Be4 32. Qf1 Qd5 33. Ng1 Bc5 34.
Bxe4 Qxe4+ 35. Nf3 Qxg4 36. h3 Qg3 37. Qg2 Qxg2+ 38. Kxg2 a5 39. Nd2 a4 40. Kf3
Bb4 41. Ke2 Bxd2 42. Kxd2 g5 43. Kc3 h5 44. Kb4 g4 45. h4 g3 46. Kxa4 Kd7 47.
Kb5 g2 48. Kb4 g1=Q 49. Kc4 Qe3 50. Kb4 Kc6 51. Ka4 0-1

[Event "ICS Rated blitz match"]
[Site "207.99.83.227"]
[Date "1999.05.16"]
[Round "?"]
[White "Hossa"]
[Black "JudgeTurpin"]
[Result "1/2-1/2"]
[WhiteElo "2541"]
[BlackElo "2643"]
[PlyCount "81"]

1. e4 e5 2. f4 exf4 3. Nf3 g5 4. Bc4 Bg7 5. h3 d6 6. h4 h6 7. hxg5 hxg5 8. Rxh8
Bxh8 9. Nh2 Nf6 10. Nc3 Be6 11. Be2 c6 12. d4 Qa5 13. Bd2 Qc7 14. Nf3 g4 15.
Ng5 Qb6 16. Nxe6 fxe6 17. Bxf4 Qxb2 18. Bd2 Qb6 19. Bf4 e5 20. dxe5 Qg1+ 21.
Bf1 dxe5 22. Bd2 Nbd7 23. Qe2 Qc5 24. Qd3 b5 25. a4 b4 26. Na2 Rb8 27. g3 b3
28. cxb3 Qd4 29. Qxd4 exd4 30. Bf4 Rxb3 31. Nc1 Rc3 32. Ne2 Rc5 33. e5 Nxe5 34.
Nxd4 Ne4 35. Rb1 Ng6 36. Rb8+ Kf7 37. Rb7+ Kg8 38. Rb8+ Kf7 39. Rb7+ Kg8 40.
Rb8+ Kf7 41. Rb7+ {Game drawn by repetition} 1/2-1/2

[Event "ICS rated blitz match"]
[Site "207.99.83.227"]
[Date "1999.05.16"]
[Round "?"]
[White "Hossa"]
[Black "JudgeTurpin"]
[Result "0-1"]
[WhiteElo "2546"]
[BlackElo "2638"]
[Annotator "Crafty v16.6"]
[PlyCount "73"]

{annotating for player ossa using a scoring margin of +0.20 pawns. search time
limit is 1:00} 1. e4 1... e5 2. f4 exf4 3. Nf3 d6 4. d4 g5 5. h4 ({9:-1.06} 5.
h4 5... g4 6. Ng1 f3 7. gxf3 Be7 8. Kd2 g3 9. Bb5+ 9... c6 $17) ({9:-0.67} 5.
h3 5... Bh6 6. Nc3 Bd7 7. Bc4 Nc6 8. Bd2 Nf6 9. Rf1 $15) 5... g4 6. Ng5 ({
10:-2.09} 6. Ng5 6... f6 7. Nxh7 Rxh7 8. Bxf4 Rh5 9. Be2 f5 10. Bb5+ Bd7 11.
Bg5 $19) ({10:-1.37} 6. Ng1 6... f3 7. gxf3 Be7 8. h5 Bh4+ 9. Ke2 g3 10. Kd3
Nc6 11. Bg2 $17) 6... f6 7. Nh3 ({10:-2.63} 7. Nh3 7... gxh3 8. Qh5+ Kd7 9.
Rxh3 Nc6 10. Rd3 Qe7 11. Qg4+ Kd8 12. Qxf4 12... Be6 $19) ({10:-2.25} 7. Nxh7
7... Rxh7 8. Bc4 Ne7 9. Bxf4 Ng6 10. Bg3 Rh5 11. Nc3 11... Nc6 $19) 7... gxh3
8. Qh5+ Kd7 9. Rxh3 Qe8 10. Qxe8+ Kxe8 11. Rc3 f5 12. exf5 ({11:-2.94} 12. exf5
12... Kd8 13. Bxf4 Bh6 14. Be3 Bxf5 15. Na3 Bg4 16. Be2 Bxe2 17. Bxh6 $19) ({
11:-2.37} 12. Rxc7 12... Nc6 13. d5 Ne5 14. exf5 Kd8 15. Rxc8+ Rxc8 16. Nc3 Bh6
17. Ne4 17... Ke7 $19) 12... Kd8 13. Bxf4 Bxf5 14. Na3 Nc6 15. O-O-O Bh6 16.
Bxh6 Nxh6 17. d5 Nb4 18. Rc4 a5 19. Nb5 Nxc2 20. Nxc7 ({11:-3.15} 20. Nxc7
20... Rc8 21. Ne6+ Kd7 22. Kd2 Nb4 23. Nf4 Bg4 24. Ra1 Nf5 25. a3 Rxc4 26. Bxc4
$19) ({11:-2.36} 20. Rxc7 20... Ne3 21. Rxb7 Rc8+ 22. Kd2 Nxd1 23. Kxd1 Rc5 24.
Rb8+ Bc8 25. Nc3 Nf5 26. Rb6 $19) 20... Rc8 21. Nb5 ({10:-3.40} 21. Nb5 21...
Kd7 22. Kd2 Ng4 23. Rf4 Nce3 24. Nd4 Nxd1 25. Bb5+ Kd8 26. Nxf5 $19) ({10:-3.17
} 21. Ne6+ 21... Kd7 22. Kd2 Nb4 23. Nf4 Rhf8 24. Rxc8 Rxc8 25. Bb5+ Ke7 26. a3
Rc2+ 27. Ke1 27... Na2 $19) 21... Rxc4 22. Bxc4 Ne3 23. Nxd6 Nxd1 24. Kxd1 Kc7
25. Nb5+ Kd7 26. Nc3 Rg8 27. Bf1 Kd6 28. Kc1 Ng4 29. Be2 Ne3 30. Bf3 Nxg2 31.
h5 Ne3 32. Kd2 Nc4+ 33. Ke2 Re8+ 34. Kf2 Nxb2 35. Nb5+ Kc5 36. Nc3 Nd3+ 37. Kg3
0-1

[Event "ICS rated blitz match"]
[Site "207.99.83.227"]
[Date "1999.05.16"]
[Round "?"]
[White "Hossa"]
[Black "JudgeTurpin"]
[Result "1/2-1/2"]
[WhiteElo "2534"]
[BlackElo "2650"]
[PlyCount "126"]

1. e4 e5 2. f4 exf4 3. Nf3 g5 4. Bc4 Bg7 5. h3 d6 6. h4 h6 7. hxg5 hxg5 8. Rxh8
Bxh8 9. Nh2 Nf6 10. Nc3 Be6 11. Be2 c6 12. d4 Qa5 13. Bd2 Qc7 14. Nf3 Nh7 15.
d5 Bg4 16. dxc6 Bxc3 17. Bxc3 Nxc6 18. Qd3 Qb6 19. O-O-O O-O-O 20. Rh1 Nf8 21.
Bf6 Re8 22. Nxg5 Bxe2 23. Qxe2 Nd7 24. Nxf7 Nxf6 25. Nxd6+ Kb8 26. Nxe8 Nxe8
27. Qf3 Qc7 28. Rh8 Qe5 29. Rf8 a5 30. Qxf4 Qxf4+ 31. Rxf4 Nd6 32. a4 Ne5 33.
g4 Kc8 34. g5 Kd7 35. b3 Ke7 36. Rf2 Ke6 37. Rf6+ Ke7 38. Rf4 Ng6 39. Rf3 Ne5
40. Rg3 Kf7 41. Rh3 Kg7 42. Rc3 Kg6 43. Rc5 Nc6 44. e5 Nf7 45. Rb5 Nfxe5 46.
Rxb7 Kxg5 47. c3 Kf4 48. Kc2 Ng4 49. b4 Ne3+ 50. Kb3 axb4 51. cxb4 Nd5 52. a5
Ke4 53. a6 Nd4+ 54. Kb2 Ne6 55. a7 Nec7 56. Rxc7 Nxc7 57. b5 Na8 58. Kc3 Kd5
59. Kb4 Kd6 60. Kc4 Kc7 61. Kd4 Kb6 62. Ke4 Kxa7 63. b6+ 63... Kxb6 {
Game drawn because neither player has mating material} 1/2-1/2

[Event "ICS Rated blitz match"]
[Site "207.99.83.227"]
[Date "1999.05.16"]
[Round "?"]
[White "Hossa"]
[Black "robbok1"]
[Result "1/2-1/2"]
[WhiteElo "2539"]
[BlackElo "2551"]
[PlyCount "145"]

1. e4 c5 2. Nc3 e6 3. Nf3 d5 4. Bb5+ Bd7 5. Bxd7+ Qxd7 6. exd5 exd5 7. O-O Be7
8. d4 Nc6 9. dxc5 O-O-O 10. Na4 d4 11. Qd3 Nf6 12. Re1 h6 13. Qc4 Qd5 14. Nd2
Rhe8 15. Qxd5 Rxd5 16. Nb3 Nb4 17. Re2 Nc6 18. Bd2 g5 19. Rae1 Rd7 20. Nc1 Kc7
21. f4 g4 22. f5 b5 23. cxb6+ axb6 24. Bxh6 Ra8 25. b3 Bb4 26. Bf4+ Kb7 27. Bd2
Bxd2 28. Rxd2 Ra5 29. Rde2 Rxf5 30. Nd3 Rd8 31. Rf1 Rxf1+ 32. Kxf1 Nd5 33. Kg1
Ra8 34. Rf2 f6 35. Rf5 Nce7 36. Rf1 Kc7 37. a3 Kd6 38. Nxb6 Nxb6 39. Rxf6+ Kc7
40. Rf4 Rxa3 41. Rxg4 Ra2 42. Nb4 Ra1+ 43. Kf2 Rd1 44. Rg7 Kd6 45. Rg3 Nd7 46.
Kf3 Rf1+ 47. Ke2 Rf8 48. Rg4 Nf5 49. Rf4 Kc5 50. Nd3+ Kd5 51. Kd2 Rf6 52. g4
Nd6 53. Rxf6 Ne4+ 54. Ke2 Ndxf6 55. Kf3 Nd2+ 56. Kf4 Kd6 57. h4 Nd5+ 58. Kg3
Nf1+ 59. Kh3 Nfe3 60. h5 Ke6 61. Ne1 Nb4 62. g5 Nexc2 63. Nxc2 Nxc2 64. Kg4 d3
65. Kf3 Kf5 66. b4 Kxg5 67. h6 Kxh6 68. b5 Kg5 69. b6 Nb4 70. Ke3 Kf5 71. b7
Nc6 72. b8=Q Nxb8 73. Kxd3 {
Game drawn because neither player has mating material} 1/2-1/2

[Event "ICS rated blitz match"]
[Site "207.99.83.227"]
[Date "1999.05.16"]
[Round "?"]
[White "Hossa"]
[Black "JudgeTurpin"]
[Result "0-1"]
[WhiteElo "2540"]
[BlackElo "2645"]
[Annotator "Crafty v16.6"]
[PlyCount "115"]

{annotating for player ossa using a scoring margin of +0.20 pawns. search time
limit is 1:00} 1. e4 1... e5 2. f4 exf4 3. Nf3 d5 4. Nc3 dxe4 5. Nxe4 Qe7 6.
Qe2 Bg4 7. d3 Bxf3 8. gxf3 Nc6 9. Bxf4 O-O-O 10. Bh3+ Kb8 11. O-O-O Nd4 12. Qe3
h6 13. c3 Ne6 14. Be5 ({9:-0.04} 14. Be5 14... Ng5 15. Nxg5 hxg5 16. Bg4 f6 17.
Bd4 Qxe3+ 18. Bxe3 Bd6 19. h3 19... Bf4 $10) ({9:+0.23} 14. Bg3 14... Nf6 15.
Nxf6 Qxf6 16. Be5 Qh4 17. Bg4 Qe7 18. Rhe1 18... Re8 $10) 14... Ng5 15. Nxg5
hxg5 16. Bg2 Qe6 17. Kb1 Nf6 18. Rde1 ({9:-0.27} 18. Rde1 18... Qf5 19. Bf1 Bd6
20. Rg1 g4 21. Bxf6 Qxf6 22. Rxg4 22... Rxh2 $10) ({9:+0.10} 18. Rhe1 18... Qf5
19. Bg3 Rd5 20. Qe2 Bd6 21. f4 Rb5 22. fxg5 Bxg3 23. hxg3 23... Qxg5 $10) 18...
Qf5 19. Bf1 Bd6 20. Rg1 Qxe5 21. Qxe5 Bxe5 22. Rxe5 Rxh2 23. Rgxg5 g6 24. Be2
c6 25. Kc2 Nd5 26. Rg4 g5 27. Rge4 Nf4 28. Re8 Rxe8 29. Rxe8+ Kc7 30. Kd1 Kd7
31. Re3 f6 32. d4 b5 33. a3 a5 34. Kd2 Kd6 35. b3 b4 36. cxb4 axb4 37. a4 Ne6
38. Rd3 Kd5 39. Ke3 f5 40. Rd2 f4+ 41. Kd3 Nxd4 42. Bd1 Rh1 43. a5 c5 44. a6
Re1 45. Be2 Nxb3 46. a7 Ra1 47. Rd1 c4+ 48. Kc2+ Nd4+ 49. Kb2 Rxa7 50. Kb1 b3
51. Bf1 c3 52. Rc1 c2+ 53. Kb2 Ra2+ 54. Kc3 b2 55. Rxc2 b1=Q 56. Rxa2 Qb3+ 57.
Kd2 Qxa2+ 58. Kc3 0-1

[Event "ICS rated blitz match"]
[Site "207.99.83.227"]
[Date "1999.05.16"]
[Round "?"]
[White "Hossa"]
[Black "MarkOrr"]
[Result "1/2-1/2"]
[WhiteElo "2533"]
[BlackElo "2184"]
[PlyCount "85"]

1. e4 c6 2. Nf3 d5 3. exd5 cxd5 4. d4 Nc6 5. c3 Bg4 6. Be2 e6 7. O-O Bd6 8. Bd2
Qc7 9. h3 Bh5 10. Bg5 h6 11. Be3 Nf6 12. Nbd2 O-O 13. Qa4 a6 14. Rae1 b5 15.
Qb3 Na5 16. Qd1 Nc4 17. Nxc4 bxc4 18. Qa4 Rfb8 19. Bc1 Rb5 20. Qc2 Rab8 21. Ne5
Bxe5 22. dxe5 Bxe2 23. Qxe2 Ne4 24. Qh5 Rxb2 25. Bxb2 Rxb2 26. Rc1 Rxa2 27. h4
a5 28. Qg4 a4 29. f3 Nc5 30. f4 Nd3 31. Ra1 Qc5+ 32. Kh2 Rxa1 33. Rxa1 a3 34.
f5 Nxe5 35. Qf4 Nd3 36. Qb8+ Kh7 37. fxe6 fxe6 38. Qb1 Qf2 39. Rxa3 Qxh4+ 40.
Kg1 Qf2+ 41. Kh2 Qh4+ 42. Kg1 Qf2+ 43. Kh2 {Game drawn by mutual agreement}
1/2-1/2

[Event "ICS rated blitz match"]
[Site "207.99.83.227"]
[Date "1999.05.16"]
[Round "?"]
[White "razzle"]
[Black "Hossa"]
[Result "0-1"]
[WhiteElo "2742"]
[BlackElo "2521"]
[PlyCount "96"]

1. e4 e5 2. Nf3 Nf6 3. Nxe5 Qe7 4. Nf3 Nxe4 5. Be2 Qd8 6. O-O Be7 7. Nc3 Nxc3
8. dxc3 O-O 9. Re1 d5 10. Qd3 Nc6 11. Be3 Re8 12. Rad1 Be6 13. a4 Bf6 14. Qb5
Rb8 15. Bc5 a6 16. Qb3 b6 17. Be3 Qe7 18. Nd4 Nxd4 19. cxd4 Ra8 20. Bf4 Bg4 21.
Be5 Be6 22. Bf3 Red8 23. Bxf6 Qxf6 24. Re5 Qf4 25. g3 Qh6 26. Bxd5 Rxd5 27.
Rxd5 Qh3 28. Re1 Rf8 29. Qf3 Bxd5 30. Qxd5 Qh6 31. Qd7 c5 32. Re8 Qc1+ 33. Kg2
g6 34. Rxf8+ Kxf8 35. Qd8+ Kg7 36. Qxb6 Qxc2 37. dxc5 Qe4+ 38. f3 Qc2+ 39. Kg1
Qd1+ 40. Kf2 Qd2+ 41. Kf1 Qd1+ 42. Kf2 Qd2+ 43. Kg1 Qd1+ 44. Kg2 Qc2+ 45. Kh3
Qf5+ 46. g4 Qxf3+ 47. Kh4 h6 48. g5 48... hxg5+ {razzle resigns} 0-1

[Event "ICS rated blitz match"]
[Site "207.99.83.227"]
[Date "1999.05.16"]
[Round "?"]
[White "Hossa"]
[Black "DeepViolet"]
[Result "0-1"]
[WhiteElo "2546"]
[BlackElo "2846"]
[Annotator "Crafty v16.6"]
[PlyCount "57"]

{annotating for player ossa using a scoring margin of +0.20 pawns. search time
limit is 1:00} 1. e4 1... d5 2. exd5 Nf6 3. c4 e6 4. dxe6 Bxe6 5. Be2 Nc6 6.
Nf3 Bc5 7. O-O O-O 8. Nc3 a6 9. a3 ({10:+0.57} 9. a3 9... Nd4 10. d3 Nxe2+ 11.
Nxe2 Re8 12. b4 Be7 13. Bf4 Ng4 14. Ned4 14... Bd7 $14) ({10:+0.96} 9. d3 9...
Re8 10. Bg5 Rc8 11. Re1 Nd4 12. Ne4 Be7 13. Nxf6+ Bxf6 14. Nxd4 Qxd4 15. Bxf6
15... Qxf6 $16) 9... Nd4 10. Nxd4 Qxd4 11. d3 Qe5 12. g3 ({9:-0.14} 12. g3
12... Bh3 13. Re1 Rfe8 14. Bf4 Qd4 15. Be3 Qe5 16. Bxc5 16... Qxc5 $10) ({
9:+0.69} 12. Bf3 12... Rad8 13. Qe2 Qxe2 14. Bxe2 Bd4 15. Bf4 c5 16. Rae1 16...
Rfe8 $14) 12... Bh3 13. Re1 Rae8 14. Ra2 ({9:-4.38} 14. Ra2 14... Bxf2+ 15. Kh1
Bxe1 16. Qxe1 Qc5 17. Ne4 Nxe4 18. dxe4 Rxe4 19. Bf4 $19) ({9:-1.22} 14. Ne4
14... Nxe4 15. dxe4 Qxe4 16. Qd5 Qc2 17. Qd2 Qf5 18. Qf4 18... Qd7 $17) 14...
Bxf2+ 15. Kh1 Bxe1 16. Qxe1 Bg4 17. Bf4 ({10:-4.86} 17. Bf4 17... Qd4 18. Qf1
Bxe2 19. Nxe2 Qxd3 20. b3 Qxb3 21. Nc1 Qb6 22. Re2 $19) ({10:-4.64} 17. Ne4
17... Qh5 18. Bf1 Nxe4 19. dxe4 Bf3+ 20. Kg1 Rxe4 21. Qf2 Qg4 22. Bg5 22...
Rfe8 $19) 17... Qd4 18. Qf1 Rxe2 19. Nxe2 Qxd3 20. b3 Re8 21. Rd2 Qe4+ 22. Kg1
Bxe2 23. Qc1 ({11:-7.31} 23. Qc1 23... Qf3 24. Qe1 Bxc4 25. Qxe8+ Nxe8 26. bxc4
Qxa3 27. Rd8 Qc5+ 28. Kg2 Kf8 29. Rb8 29... b6 $19) ({11:-6.36} 23. Rxe2 23...
Qxe2 24. Qxe2 Rxe2 25. Bxc7 Rb2 26. b4 Ng4 27. h3 Rb1+ 28. Kg2 Ne3+ 29. Kf3
Nxc4 30. Ke4 30... Nxa3 $19) 23... Qf3 24. Bxc7 ({10:-Mat09} 24. Bxc7 24...
Qe3+ 25. Kg2 Ng4 26. Rxe2 Qxe2+ 27. Kh3 Nf2+ 28. Kg2 Nd1+ 29. Kh3 Qh5+ 30. Kg2
Re2+ 31. Kg1 Qxh2+ 32. Kf1 32... Qf2# $19) ({10:-7.67} 24. Qe1 24... g5 25. Qf2
gxf4 26. Qxf3 Bxf3 27. gxf4 Re3 28. b4 Rxa3 29. Kf2 $19) 24... Qe3+ 25. Kg2 Ne4
26. Rxe2 ({7:-Mat09} 26. Rxe2 26... Qxe2+ 27. Kg1 Qf2+ 28. Kh1 Qf3+ 29. Kg1 Nf2
30. h4 Nh3+ 31. Kh2 Re2+ 32. Kxh3 Qf5+ 33. g4 Qf3+ 34. Bg3 34... Qg2# $19) ({
7:-9.65} 26. h4 $19) 26... Qxe2+ 27. Kg1 Qf2+ 28. Kh1 Qf3+ 29. Kg1 0-1

[Event "ICS Rated blitz match"]
[Site "207.99.83.227"]
[Date "1999.05.16"]
[Round "?"]
[White "Hossa"]
[Black "wolfschanze"]
[Result "0-1"]
[WhiteElo "2541"]
[BlackElo "2664"]
[Annotator "Crafty v16.6"]
[PlyCount "105"]

{annotating for player ossa using a scoring margin of +0.20 pawns. search time
limit is 1:00} 1. e4 1... c6 2. d4 d5 3. Nc3 dxe4 4. Nxe4 Bf5 5. Ng3 Bg6 6. Nf3
Nd7 7. Bd3 e6 8. Bxg6 hxg6 9. c3 ({9:+0.24} 9. c3 9... Bd6 10. Ne4 Qc7 11.
Nxd6+ Qxd6 12. O-O Ngf6 13. Bg5 O-O-O 14. Qd3 $10) ({9:+0.48} 9. Qd3 9... Bb4+
10. c3 Bd6 11. Ne4 Qc7 12. Nxd6+ Qxd6 13. Bg5 Ngf6 14. Bxf6 Nxf6 15. O-O $14)
9... Bd6 10. Bg5 Qc7 11. Qe2 ({9:-1.16} 11. Qe2 11... Bxg3 12. fxg3 Qxg3+ 13.
Qf2 Qxf2+ 14. Kxf2 Ngf6 15. Bxf6 Nxf6 16. Ne5 Ke7 17. Ke3 17... Rad8 $17) ({
9:+0.13} 11. Ne4 11... Bf4 12. Qe2 Nh6 13. Bxf4 Qxf4 14. Ne5 O-O-O 15. Nd6+ Kc7
16. g3 $10) 11... Bxg3 12. fxg3 Qxg3+ 13. Kd1 ({11:-1.45} 13. Kd1 13... Qg4 14.
h3 Qf5 15. Qc2 Qb5 16. Qe2 Qa4+ 17. Qc2 Qc4 18. Nd2 18... Qd5 $17) ({11:-1.16} 
13. Qf2 13... Qxf2+ 14. Kxf2 Ngf6 15. Rae1 c5 16. Bxf6 Nxf6 17. dxc5 Rc8 18. b4
Nd5 19. Rc1 19... Kd7 $17) 13... Qd6 14. Kc2 Qd5 15. Qd3 Ngf6 16. c4 Qd6 17.
Rhe1 O-O-O 18. Qb3 Rhe8 19. Rac1 c5 20. d5 ({9:-1.31} 20. d5 20... exd5 21.
cxd5 Rxe1 22. Rxe1 Nb6 23. Ne5 Rf8 24. Bxf6 gxf6 25. Nc4 Qxh2 26. Nxb6+ 26...
axb6 $17) ({9:-1.04} 20. Qa3 20... Kb8 21. Ne5 Qxd4 22. Nxf7 Rc8 23. Kb1 Ne4
24. Qa5 $17) 20... exd5 21. cxd5 Rxe1 22. Rxe1 Nb6 23. Ne5 Rf8 24. Qh3+ Kc7 25.
Bh4 Nh5 26. Qf3 Qxd5 27. Be7 Qxf3 28. gxf3 Re8 29. Nxf7 Kd7 30. Bh4 Rxe1 31.
Bxe1 Ke7 32. Ng5 Nd5 33. Bc3 Nxc3 34. Kxc3 b6 35. Kc4 Nf4 36. a4 Kd6 37. Kb5
Nd3 38. b3 Nc1 39. Kc4 Ke5 40. Nh3 Ne2 41. Kb5 Nd4+ 42. Ka6 Nxb3 43. Kxa7 c4
44. Nf2 Kd4 45. Ne4 Nc5 46. Ng3 Ke3 47. Kxb6 Nxa4+ 48. Ka5 c3 49. Kxa4 c2 50.
f4 c1=Q 51. f5 Qc2+ 52. Kb5 gxf5 53. Kb4 0-1

[Event "ICS rated blitz match"]
[Site "207.99.83.227"]
[Date "1999.05.16"]
[Round "?"]
[White "LittleGoliath"]
[Black "Hossa"]
[Result "1-0"]
[WhiteElo "2670"]
[BlackElo "2530"]
[Annotator "Crafty v16.6"]
[PlyCount "70"]

{annotating for player ossa using a scoring margin of +0.20 pawns. search time
limit is 1:00} 1. Nf3 1... d5 2. d4 c6 3. Bf4 Bd7 4. e3 Qb6 5. Qc1 Na6 6. Nc3
O-O-O ({10:-1.36} 6... O-O-O 7. a3 Re8 8. Ng5 Nh6 9. Bd3 f6 10. Nxh7 Nf5 11.
Nxf8 11... Rexf8 $16) ({10:-0.98} 6... Nf6 7. Be2 e6 8. Ne5 c5 9. dxc5 Bxc5 10.
Bg5 Qd6 11. Nxd7 Nxd7 12. O-O $16) 7. Be2 Nf6 8. a4 Qa5 9. Ne5 Be8 10. O-O Nc7
11. Bg5 Ne6 12. Bh4 g5 13. Bg3 Bg7 ({10:-1.37} 13... Bg7 14. Qb1 c5 15. dxc5
Qxc5 16. Bb5 d4 17. Bxe8 Rhxe8 18. exd4 Rxd4 19. Nxf7 Nf4 20. Bxf4 20... gxf4
$16) ({10:-0.81} 13... h5 14. Nd3 Ne4 15. Nxe4 dxe4 16. Ne5 Bg7 17. c3 g4 18.
b4 18... Qd5 $16) 14. Nd3 Ne4 15. Nxe4 dxe4 16. b4 Qf5 17. Ne5 h5 18. h3 f6 19.
Nc4 Bg6 ({10:-0.69} 19... Bg6 20. b5 c5 21. b6 a6 22. c3 g4 23. h4 Rhe8 24. a5
$14) ({10:-0.32} 19... g4 20. h4 Qd5 21. Na5 Bh6 22. c4 Qf5 23. Qc3 Bg6 24. c5
$14) 20. b5 h4 ({10:-2.56} 20... h4 21. Bg4 Qd5 22. Nd6+ Rxd6 23. c4 Qxd4 24.
exd4 hxg3 25. c5 gxf2+ 26. Rxf2 e3 27. Qxe3 $18) ({10:-0.64} 20... c5 21. b6 a6
22. c3 g4 23. h4 Rd5 24. a5 Rhd8 25. Qd2 $14) 21. Bg4 Qd5 22. Nd6+ exd6 23. c4
Qf5 24. Bxf5 Bxf5 25. Bh2 c5 26. Qd2 cxd4 27. exd4 g4 28. d5 Bh6 ({10:-3.83} 
28... Bh6 29. Qc3 gxh3 30. dxe6 hxg2 31. Rfe1 Bxe6 32. Rxe4 Bf5 33. Rxh4 Bd2
34. Qxf6 Rxh4 35. Qxh4 $18) ({10:-3.59} 28... gxh3 29. dxe6 Bxe6 30. b6 axb6
31. Qd4 hxg2 32. Kxg2 h3+ 33. Kg1 f5 34. Qxg7 34... Bxc4 $18) 29. Qc3 gxh3 30.
dxe6 hxg2 31. Kxg2 Bxe6 32. Rfd1 Rdg8+ 33. Kf1 Bg7 34. Rxd6 f5 35. Qa5 f4 1-0

[Event "ICS rated blitz match"]
[Site "207.99.83.227"]
[Date "1999.05.16"]
[Round "?"]
[White "ParalyseCabbage"]
[Black "Hossa"]
[Result "0-1"]
[WhiteElo "2130"]
[BlackElo "2520"]
[PlyCount "112"]

1. d4 Nf6 2. Nf3 e6 3. Bg5 Be7 4. c3 O-O 5. e3 h6 6. Bh4 Nc6 7. Nbd2 d5 8. Be2
Ne4 9. Bg3 Nxg3 10. hxg3 Qd6 11. O-O e5 12. dxe5 Nxe5 13. Nxe5 Qxe5 14. Nf3 Qh5
15. Nd4 Qg5 16. Nf3 Qf5 17. Nd4 Qg6 18. Bd3 Qg5 19. Nf3 Qh5 20. Nd4 Qe5 21. Nf3
Qf6 22. Qc2 Bg4 23. Nd4 Qg5 24. Nf5 Bf6 25. f4 Qh5 26. Nd4 c5 27. Nf3 Rae8 28.
Rae1 Re6 29. e4 c4 30. Bxc4 dxc4 31. e5 Bxf3 32. gxf3 Qh3 33. Qg2 Qxg2+ 34.
Kxg2 Be7 35. Re4 Rb6 36. Rf2 Rc6 37. Rd2 Rc7 38. Red4 Kh7 39. g4 b5 40. a3 Bc5
41. Rd5 Be3 42. Rd7 Bxd2 43. Rxc7 a6 44. f5 Bc1 45. Kg3 Bxb2 46. f4 Bxa3 47. g5
Bb2 48. Kg4 hxg5 49. fxg5 Bxc3 50. Ra7 b4 51. Rxa6 b3 52. Rb6 Bxe5 53. Kh5 Rb8
54. g6+ Kg8 55. Rc6 b2 56. gxf7+ 56... Kxf7 {ParalyseCabbage resigns} 0-1